LEADER 00994nam a2200217 i 4500 001 000000060089 003 CaOOAMICUS 005 20140410000000.0 008 140410s1938 it u000 u ita u 013 $a31261 040 $aSeMil$bita 100 1 $aFriedemann, Walter Heinrich.$0(OLS)http://semarc/name/30591 245 13$aLa Croce e la stella di David :$bla via di un convertito dalla Thora all'Ostia /$c; Versione dal tedesco di Giacomo Di Fabio Walter Heinrich Friedemann. 260 $aMilano :$bVita e Pensiero,$c1938. 300 $aXI, 241 p. 20 cm. 650 4$aConversione.$0(OLS)http://semarc/subject/6040 700 1 $aDi Fabio, Giacomo.$0(OLS)http://semarc/name/23096 850 $aSeMil 852 $aSeMil$W1$xVenegono$y1$m2K II 30$j26242$B26242$CSeMilBibl$Z2$F26245 $81 996 $6245$aLa Croce e la stella di David :$bla via di un convertito dalla Thora all'Ostia$9(OLS)http://semarc/title/94092 996 $6260$aMilano :$bVita e Pensiero$9(OLS)http://semarc/publisher/29642 LEADER 01141nam a2200265 i 4500 001 000000231220 003 CaOOAMICUS 005 20140717000000.0 008 140717s1981 it u000 u ita u 013 $a210123 040 $aSeMil$bita 100 1 $aPagels, Elaine.$0(OLS)http://semarc/name/47900 240 14$aThe Gnostic Gospels.$0(OLS)http://semarc/title/409734 245 12$aI Vangeli Gnostici /$cElaine Pagels ; A cura di Luigi Moraldi ; Traduzione dall'inglese di Massimo Parizzi. 260 $aMilano :$bArnoldo Mondadori Editore,$c1981. 300 $a233 p. ;$c21 cm. 490 0 $aSaggi ;$v148 650 4$aBibbia. Nuovo Testamento. Vangeli.$0(OLS)http://semarc/subject/273 650 4$aGnosticismo.$0(OLS)http://semarc/subject/3765 700 1 $aParizzi, Massimo.$0(OLS)http://semarc/name/47901 830 0$aSaggi ;$v148.$0(OLS)http://semarc/title/341 850 $aSeMil 852 $aSeMil$W1$xVenegono$y1$m2Z II 271$j181566$B181566$CSeMilBibl$Z2$F192345 $81 996 $6245$aI Vangeli Gnostici$9(OLS)http://semarc/title/330225 996 $6260$aMilano :$bArnoldo Mondadori Editore$9(OLS)http://semarc/publisher/30056